00670 2200241 4500001002100000005001500021035002000036007000300056008004100059020001800100082001800118084002400136100001700160245006700177250000600244260003400250300003100284650001900315650002600334700001700360856002900377990002200406INLIS00000000000723620250210100435 a0010-0225000003ta250210 0 ind  a979-8161-87-4 a631.1/.4(594) a631.1/.4(594) SOE m0 aSOEJITNO, J.1 aMembangun Sistem Produksi Tanaman Pangan Berwawasan Lingkungan a- aBogor :bPuslitbangtan,c2002 a561p :bilus ;c23,5 cme- 4aTanaman pangan 4aBerwawasan lingkungan0 aI. Johari S. aPerpustakaan BPSIP JATIM a42/2025/BSIPJATIM